Курс анализа бесконечно малых (Запис № 312627)

МАРК-запис
000 -Лідер
fixed length control field 00739nam a22002537a 4500
001 - Контрольний номер
control field 26307
003 - Ідентифікатор контрольного номера
control field UA-OsUOA
005 - Дата та час останнього входження (трансакції)
control field 20200214095634.0
007 - Фіксоване поле фізичного опису
fixed length control field ta
008 - Елементи даних фіксованої довжини – загальна інформація
fixed length control field 20040526b un ||||| |||| 00| 0 ukr d
040 ## - Джерело каталогізації
Агенція оригінальної каталогізації UA-OsUOA
Мова каталогізації rus
Агенція, яка здійснювала перезапис UA-OsUOA
Агенція, яка здійснювала модифікацію UA-OsUOA
041 ## - Код мови
Код мови тексту/ звукової доріжки чи окремого заголовка (П) rus
044 ## - Код країни видавця/ виробника
Код країни видавця/ виробника (П) RU
080 ## - Індекс Універсальної десяткової класифікації
Індекс Універсальної десяткової класифікації (УДК) (НП) 517:09
090 ## - Локальний шифр розміщення
Класифікаційний індекс УДК 517:09
Авторський знак (НП) Д25
100 ## - Основне введення – ім’я особи
Ім’я особи (НП) Шарль-Жан де ла Валле-Пуссен
245 ## - Відомості про назву
Назва (НП) Курс анализа бесконечно малых
260 ## - Публікація, розповсюдження і т.п. (Вихідні дані)
Місце публікації, розповсюдження і т.п. (П) Петроград
Ім’я/ наймення видавництва, розповсюджувача і т.п. (П) Научное книгоиздательство
Дата публікації, розповсюдження і т.п. (П) 1922
300 ## - Фізичний опис
Обсяг 488 с.
650 #7 - Додаткове предметне введення – тематичний термін
Джерело заголовка чи терміна 09 Рукописи. Раритети і рідкісні видання.
650 #7 - Додаткове предметне введення – тематичний термін
Джерело заголовка чи терміна 517
942 ## - Додаткові елементи входу (Коха)
Тип елемента Koha Рідкісне/цінне видання
Source of classification or shelving scheme Universal Decimal Classification
955 ## - Код типу видання за змістом
Код типу видання за змістом (НП) Навчальні видання
Фонди
Стан вилучень Стан втрат Джерело класифікації або схеми стелажів Стан уражень Не для кредиту Постійне місце розташування Поточне розміщення Дата придбання Вартість, звичайна ціна покупки Інвентарний номер Усього замовленно Повний номер виклику Штрих-код Дата останнього перегляду Ціна ефективна від Тип елемента Koha
    Universal Decimal Classification     ЧЗ - Читальна зала ЧЗ - Читальна зала 26/05/2004 17.20 68934   517 Д25 68934 07/12/2021 26/05/2004 Рідкісне/цінне видання